| 000 | 00760nam a2200253Ia 4500 | ||
|---|---|---|---|
| 003 | OSt | ||
| 005 | 20220918230956.0 | ||
| 006 | a|||||r|||| 00| 0 | ||
| 007 | ta | ||
| 008 | 220917b |||||||| |||| 00| 0 eng d | ||
| 020 | _c450.00 | ||
| 024 | _a261,984 | ||
| 037 |
_b383, 27/03/2012, Nadwi Publications _cTextual |
||
| 040 |
_aARTS _cARTS _beng |
||
| 041 |
_2eng _aeng |
||
| 082 | _aO28,1x, [Q2] | ||
| 100 |
_aMorisi Mohammad Munir Au. _9153639 |
||
| 245 | 0 | _aAl muntakhib min asore al adab | |
| 260 |
_aCairo _bAlam Al Kutb Egypt _c2012 |
||
| 300 |
_a166p. _ccm. |
||
| 650 |
_aENGLISH POETRY _931408 |
||
| 942 |
_hO28,1x, [Q2] _cTEXL _2CC |
||
| 999 |
_c289456 _d289456 |
||